Diccionario Akal de filosofía política / (Record no. 19440)

MARC details
000 -LEADER
campo de control de longitud fija 00901nam a2200265 i 4500
001 - NÚMERO DE CONTROL
campo de control 19440
003 - IDENTIFICADOR DE NÚMERO DE CONTROL
campo de control ES-MaACL
005 - FECHA Y HORA DE LA ÚLTIMA TRANSACCIÓN
campo de control 20250809051104.0
007 - CAMPO FIJO DE DESCRIPCIÓN FÍSICA--INFORMACIÓN GENERAL
campo de control de longitud fija t|
008 - DATOS DE LONGITUD FIJA--INFORMACIÓN GENERAL
campo de control de longitud fija 020828s2001 sp ||||1| spa d
020 ## - NÚMERO INTERNACIONAL ESTÁNDAR DEL LIBRO
Número Internacional Estándar del Libro 84-460-1068-2
080 ## - NÚMERO DE LA CLASIFICACIÓN DECIMAL UNIVERSAL
Número de la Clasificación Decimal Universal 321.01(038)
245 00 - MENCIÓN DEL TÍTULO
Título Diccionario Akal de filosofía política /
Mención de responsabilidad, etc. Philippe Raynaud y Stéphane Rials (editores) ; traducción de Mariano Peñalver y Marie-Paule Sarazin.
260 ## - PUBLICACIÓN, DISTRIBUCIÓN, ETC.
Lugar de publicación, distribución, etc. Tres Cantos (Madrid) :
Nombre del editor, distribuidor, etc. Akal,
Fecha de publicación, distribución, etc. [2001]
300 ## - DESCRIPCIÓN FÍSICA
Extensión 906 p. ;
Dimensiones 25 cm.
490 1# - MENCIÓN DE SERIE
Mención de serie Akal/diccionarios ;
Designación de volumen o secuencia 31
650 #4 - PUNTO DE ACCESO ADICIONAL DE MATERIA--TÉRMINO DE MATERIA
Término de materia o nombre geográfico como elemento de entrada Política-
Subdivisión general Filosofía-
Subdivisión de forma Diccionarios.
9 (RLIN) 16275
700 1# - ENTRADA AGREGADA--NOMBRE PERSONAL
Nombre de persona Raynaud, Philippe.
9 (RLIN) 95647
700 1# - ENTRADA AGREGADA--NOMBRE PERSONAL
Nombre de persona Rials, Stéphane.
9 (RLIN) 96675
700 1# - ENTRADA AGREGADA--NOMBRE PERSONAL
Nombre de persona Peñalver, Mariano.
9 (RLIN) 90307
700 1# - ENTRADA AGREGADA--NOMBRE PERSONAL
Nombre de persona Sarazin, Marie-Paule.
9 (RLIN) 103781
830 00 - PUNTO DE ACCESO ADICIONAL DE SERIE-TÍTULO UNIFORME
Título uniforme Akal/Diccionarios
Designación de volumen o secuencia 31
9 (RLIN) 180610
852 ## - LOCALIZACIÓN
Ubicación ES-MaACL
Número de control de estantería L-25874
Sublocalización o colección R.131117
Holdings
Estatus retirado Estado de pérdida Estado de daño No para préstamo Colección Biblioteca de origen Biblioteca actual Ubicación en estantería Fecha de adquisición Fuente de adquisición Total de préstamos Signatura topográfica completa Código de barras Visto por última vez Precio de reemplazo Tipo de ítem Koha
        Colección de referencia Biblioteca del Ateneo de Madrid Biblioteca del Ateneo de Madrid Depósito 2 17/01/2008     L-25874 1019890 23/02/2023 23/02/2023 Libro impreso